| 000 | 00639nam a22002052 4500 | ||
|---|---|---|---|
| 001 | 0000007169 | ||
| 005 | 20151217152025.0 | ||
| 008 | 071126s xx 000 0 eng d | ||
| 020 |
_a0230007802 : _cKES 5625 |
||
| 040 |
_aKABU _cKABU |
||
| 100 | 1 |
_aLavoie, Marc. _@0000158249 |
|
| 245 | 1 | 0 |
_aIntroduction to post-Keynesian economics / _cMarc Lavoie. |
| 260 |
_aBasingstoke, England : _bPalgrave Macmillan, _c2006. |
||
| 300 | _axiv, 150 p. | ||
| 650 | 0 |
_aKeynesian economics. _@0000150174 |
|
| 908 | _a071126 | ||
| 950 | _@1 | ||
| 999 |
_c7425 _d7425 |
||